|
|
|
|
| LEADER |
00000nam a2200000 a 4500 |
| 001 |
vtls008763545 |
| 003 |
SK-MaSNL |
| 005 |
20260302075137.0 |
| 008 |
240318s1960 xo cze |
| 020 |
|
|
|c 9.80
|
| 035 |
|
|
|a POKPOH49144
|
| 035 |
|
|
|a urn:nbn:sk:snk-amlpym
|
| 035 |
|
|
|a urn:nbn:sk:snk-am00c23a
|
| 035 |
|
|
|a 00889BAB-4C4C-4230-BF41-4F220BE495AD
|
| 040 |
|
|
|a SNK
|b slo
|c SNK
|e AACR2
|
| 041 |
1 |
|
|a cze
|h slo
|
| 044 |
|
|
|a xo
|c SK
|
| 100 |
1 |
|
|a Mináč, Vladimír,
|d 1922-1996
|4 aut
|9 103107
|
| 245 |
1 |
0 |
|a Zapadlý kout
|c Vladimír Mináč ; [zo slovenského originálu prel. Gustav Hajčík]
|
| 250 |
|
|
|a 1. vyd.
|
| 260 |
|
|
|a Praha
|b Československý spisovatel
|c 1960
|
| 300 |
|
|
|a 157 s. viaz.
|
| 490 |
1 |
|
|a Život kolem nás
|v Zv. 10
|
| 650 |
0 |
7 |
|a slovenská literatúra
|2 POKPOH
|9 1115
|
| 655 |
|
7 |
|a poviedky
|2 POKPOH
|9 70519
|
| 700 |
1 |
|
|a Hajčík, Gustav,
|d 1923-
|4 trl
|9 135476
|
| 830 |
|
0 |
|a Život kolem nás
|9 286732
|
| 999 |
|
|
|c 1168065
|d 1169995
|
| 952 |
|
|
|a SNK
|b SNK
|y PREZ
|7 0
|p 17A0692823
|o snkSD 19767
|i snkKIP 773/61
|0 0
|1 0
|4 0
|d 2011-05-05
|f 1
|l 0
|r 2025-12-03 00:00:00
|w 2026-02-24
|